|
|
|
|
| LEADER |
00000nab a2200000 a 4500 |
| 001 |
vtls001013534 |
| 003 |
SK-MaSNL |
| 005 |
20260304233343.0 |
| 008 |
040720e19370101xo 0 slo |
| 035 |
|
|
|a RVS392
|
| 040 |
|
|
|a RVGKPD
|b slo
|c RVGKPD
|e AACR2
|
| 041 |
0 |
|
|a slo
|
| 044 |
|
|
|a xo
|c SK
|
| 080 |
|
|
|a 792.077
|2 1981
|
| 100 |
1 |
|
|a Takáč, Gejza
|4 aut
|9 1028286
|
| 245 |
1 |
0 |
|a Biela nemoc
|
| 600 |
1 |
7 |
|a Čapek, Karel,
|d 1890-1938
|t Biela nemoc
|2 RVGKPD
|9 58930
|
| 610 |
2 |
7 |
|a Telocvičná jednota Sokol (Rožňava, Slovensko)
|2 RVGKPD
|9 1028282
|
| 610 |
2 |
7 |
|a Matica slovenská.
|b Miestny odbor Rožňava
|2 RVGKPD
|9 226149
|
| 650 |
0 |
7 |
|a ochotnícke divadlo
|2 RVGKPD
|9 3349
|
| 650 |
0 |
7 |
|a divadelné predstavenia
|2 RVGKPD
|9 3328
|
| 651 |
|
7 |
|a Rožňava (Slovensko)
|2 RVGKPD
|9 17394
|
| 773 |
0 |
8 |
|t Šafárikov kraj
|g Roč. 6, č.23, 5.6.1937, s. 1, 2
|
| 852 |
|
|
|a ZVYKNI
|b KIS3GCP
|
| 999 |
|
|
|c 3198271
|d 3200201
|